Green Day Finish the Lyrics - Medium - Statistics

General Stats
  • This quiz has been taken 26 times
  • The average score is 14 of 20
Answer Stats
Song Lyrics Answer % Correct
Dilemma I was sober, now I'm drunk _____ Again
95%
Whatsername Thought I ran into you down on the street / Then it turned out to only be a _____ Dream
95%
Burnout I'm not growing up, I'm just burning out / And I stepped in line to walk amongst the _____ Dead
89%
Jaded Always move forward / Going straight will get you _____ Nowhere
89%
Look Ma, No Brains! I said, "Look, Ma, I ain't got no brains" / I'm a goner and I don't feel no _____ Pain
89%
Last Night on Earth I'm here to honour you / If I lose everything in the fire / Did I ever make it _____? Through
89%
Warning Better homes and safety-sealed communities / Did you remember to pay the _____? Utility
84%
Scattered Well, I've got some scattered pictures / Lying on my bedroom _____ Floor
79%
Homecoming Jimmy died today / He blew his brains out into the _____ Bay
68%
Macy's Day Parade Today's the Macy's Day Parade / The night of the living dead is on its way / With a credit report for duty _____ Call
68%
The American Dream Is Killing Me The American dream is killing me / The American dream is killing me / When it's all double-talk of _____ Conspiracy
68%
Walking Contradiction Talk is cheap and lies are expensive / My wallet's fat and so is my _____ Head
68%
Nuclear Family Gonna ride the world like a merry-go-round / Like a Ferris wheel, like it's breaking _____ Down
63%
Last of the American Girls She puts her makeup on like graffiti on the walls of the heartland / She's got her little book of conspiracies right in her _____ Hand
63%
Father of All... Huh-uh, come on, honey / Lyin' in a bed of blood and _____ Money
63%
Nice Guys Finish Last Oh, nice guys finish last / When you are the _____ Outcast
63%
Forever Now I sit alone with my thoughts and prayers / Scream out my memories as if I was never _____ There
58%
Amy Amy, don't you go / I want you _____ Around
47%
Fire, Ready, Aim Baby, got the hyperbole / Baby, got the hyperbole / Kick the dog when the whistle blows / Well, you're a _____ Liar
47%
Brutal Love Oh, how you want it / You're begging for it / But you can't have it / Even if you _____ Try
37%
No matching quizzes found
Score Distribution
Percent of People with Each Score
Percentile by Number Answered
Your Score History
You have not taken this quiz